00738nam a22002177a 450000500170000000800410001701000140005802000260007203500130009803700130011104000130012408200120013710000140014924500940016326000390025727000790029630000380037550000660041365000260047970000150050520100601141110.0100601t xxu||||| |||| 00| 0 eng d aENG-96245 a9788132104544c495.00 aEN-79778 bDBAD/PUB aDPLbEng a650.072 aLee, Nick aDoing business research :ba guide to theory and practice /cby Nick Lee [and] Ian Lings aNew DelhibSage Publicationsc2008 aB1/I-1 Mohan Cooperative Industrial Area , Mathura RoadbNew Delhie110044 axxiii, 423p. :bill.c24 cm (pbk) aIncludes bibliographical references (p. [405]-410) and index. a Business xResearch. aLings, Ian